Statistics for Name the Valid Country #1

Click here to take the quiz!

General Stats

  • This quiz has been taken 42 times
    (13 since last reset)
  • The average score is 8 of 15

Answer Stats

HintAnswer% Correct
It's the only country in the world that covers an entire continent.Australia
100%
The only country in the world with a non-rectangular flag.Nepal
70%
This country is known for having the world's highest proportion of blonde population.Sweden
70%
This country is known for having the world's highest density of chocolate shops per square kilometer.Belgium
60%
It's the only country in the world that is home to the endangered orangutan.Indonesia
60%
This country has the highest number of UNESCO World Heritage Sites.Italy
60%
This country has the world's highest proportion of bicycles per capita.Netherlands
60%
This country has more pyramids than Egypt.Sudan
60%
This country has more lakes than the rest of the world combined. It is known as the "Land of a Thousand Lakes."Finland
50%
This country is known for having the world's oldest national flag still in use.Denmark
40%
This country is home to the world's oldest continuous monarchy, with its royal family tracing its lineage back over 1,200 years.Japan
40%
This country is known for having the world's largest road network.United States
40%
This country has the most official languages (37).Bolivia
30%
This country is famous for being the world's largest producer of vanilla.Madagascar
20%
This country's national anthem is the only one in the world with no official lyrics.Spain
20%

Score Distribution

Percentile by Number Answered

Percent of People with Each Score

Your Score History

You have not taken this quiz since the last reset